|
|
|
|
| LEADER |
00000nab#a22000007a#4500 |
| 001 |
arbauad006215 |
| 003 |
AR-BaUAD |
| 005 |
20250711110746.0 |
| 008 |
941027|||||||||###||||||b###|0###a|spa|| |
| 040 |
|
|
|a AR-BaUAD
|c AR-BaUAD
|b spa
|
| 245 |
1 |
0 |
|a Apogeo, decadencia y recuperación de una tipología
|
| 300 |
0 |
|
|b fot., plantas
|
| 653 |
|
|
|a ARQUITECTURA
|
| 653 |
|
|
|a ESTUDIO GIESSO
|
| 653 |
|
|
|a RECICLAJE
|
| 653 |
|
|
|a VIVIENDAS UNIFAMILIARES
|
| 653 |
|
|
|a TIPOLOGIAS
|
| 653 |
|
|
|a CASAS CHORIZO
|
| 653 |
|
|
|a SIGLO XIX
|
| 653 |
|
|
|a SAN TELMO
|
| 653 |
|
|
|a CASA FERNANDEZ ALARA
|
| 653 |
|
|
|a CASA HIRSCH
|
| 653 |
|
|
|a CASA GIESSO
|
| 653 |
|
|
|a BUENOS AIRES, CIUDAD
|
| 653 |
|
|
|a ARGENTINA
|
| 773 |
0 |
|
|t SUMMA
|g no. 241 [sep. 1987], p. 48-55
|
| 942 |
|
|
|c ARTI
|
| 952 |
|
|
|0 0
|1 0
|4 0
|7 0
|9 51135
|a AR-BAuAD
|b AR-BAuAD
|d 2025-07-11
|l 0
|p AAQA006215
|r 2025-07-11 11:07:46
|w 2025-07-11
|y ARTI
|
| 990 |
|
|
|a AQ198
|b TD
|
| 998 |
|
|
|a AAQ
|b BIBUN76
|
| 999 |
|
|
|c 30808
|d 30808
|